|
|
|
|
| LEADER |
01239nam a2200313 4500 |
| 001 |
DLU180183034 |
| 005 |
##20180112 |
| 020 |
# |
# |
|a 9786045369494
|
| 040 |
# |
# |
|a DLU
|b vie
|
| 041 |
# |
# |
|a vie
|
| 044 |
# |
# |
|a vn
|
| 082 |
# |
# |
|a 305.895 922
|b HA-L
|
| 100 |
# |
# |
|a Hải Liên.
|
| 245 |
# |
# |
|a Đặc trưng văn hóa nghệ thuật dân gian ở hai nhánh Raglai Nam và Bắc tỉnh Ninh Thuận /
|c Hải Liên nghiên cứu, giới thiệu.
|
| 260 |
# |
# |
|a H. :
|b Hội nhà văn,
|c 2016.
|
| 300 |
# |
# |
|a 565 tr. ;
|c 21 cm.
|
| 505 |
# |
# |
|a Chương thứ nhất. Nhận diện về văn hóa phi vật thể cơ bản ở hai nhánh Raglai Nam và Bắc -- Chương thứ hai. Hát - kể truyện cổ và hát - kể truyện sử thi Raglai -- Chương thứ ba. Những nét đặc trưng và độc đáo của văn hóa - nghệ thuật dân gian Raglai ở hai nhánh Bắc và Nam.
|
| 650 |
# |
# |
|a Raglai (Dân tộc Đông Nam Á)
|z Việt Nam
|z Ninh Thuận
|x Đời sống xã hội và tập quán.
|
| 923 |
# |
# |
|a 01/2017
|
| 991 |
# |
# |
|a SH
|
| 992 |
# |
# |
|a 23000
|
| 994 |
# |
# |
|a DLU
|
| 900 |
# |
# |
|a True
|
| 911 |
# |
# |
|a Nguyễn Thanh Hương
|
| 925 |
# |
# |
|a G
|
| 926 |
# |
# |
|a A
|
| 927 |
# |
# |
|a SH
|
| 980 |
# |
# |
|a Thư viện Trường Đại học Đà Lạt
|